000 00529nam a2200169 i 4500
001 62502
003 ES-MaACL
005 20230906164700.0
007 t|
008 031121s1955 sp ||||1| spa d
100 1 _aFernández Álvarez, Manuel,
_d1921-2010
_949458
245 1 0 _aBreve historia de la historiografía /
_cManuel Fernández Alvarez.
260 _aMadrid :
_bEditora Nacional,
_c1955 (
_fBolaños y Aguilar)
300 _a126 p. ;
_c21 cm.
852 _aES-MaACL
_jC-51902
_bR.85704
999 _c62502
_d62502